[Event "Paulista-chTB"]
[Site "Sao Paulo"]
[Date "2023.03.03"]
[Round "1"]
[White "Hagopian, Edmond Garo"]
[Black "Jenidarchiche, Douglas Rodrigo"]
[Result "0-1"]
[WhiteElo "2002"]
[BlackElo "1801"]
[PlyCount "52"]
[EventDate "2023.03.03"]
[EventType "team-swiss"]
[EventRounds "5"]
[EventCountry "BRA"]
[SourceTitle "CBM 213 Extra"]
[Source "ChessBase"]
[SourceDate "2023.05.31"]
[SourceVersion "1"]
[SourceVersionDate "2023.05.31"]
[SourceQuality "1"]
[WhiteTeam "Kolping"]
[BlackTeam "LXSBC II"]
[WhiteTeamCountry "BRA"]
[BlackTeamCountry "BRA"]

1. d4 Nf6 2. c4 g6 3. Nf3 Bg7 4. e3 0-0 5. Nc3 d5 6. cxd5 Nxd5 7. Nxd5 Qxd5 8. Be2 Nc6 9. 0-0 Bf5 10. Bd3 Bxd3 11. Qxd3 Rfd8 12. e4 Qd7 13. d5 e6 14. Rd1 exd5 15. exd5 Nb4 16. Qc4 Nxd5 17. Bg5 f6 18. Bh4 c6 19. Rd3 Re8 20. Rad1 Qf7 21. b3 Re7 22. Bg3 Rae8 23. Bd6 Re4 24. Qc2 Qe6 25. Re3 Rxe3 26. fxe3 Nxe3 0-1